00796cam a2200205 a 450000100060000000300080000600500170001400800390003103500370007004000270010704100080013408200340014210000240017624500950020026001060029530000270040150400530042860000320048171000770051327581BD-RjUL20211209051156.0140325s1971 ii b f001 0 eng a(BD-RjUL)27655a(DLC) 00440712 aDLCcDLCdBD-RjULbeng aeng00a954.035092221bGAC V-43 19711 aGandhi,d1869-1948.14aThe collected works of Mahatma Gandhi /cMahatma Gandhi.nVolume XLIII :pMarch-June 1930. aNew Delhi :bPublications Division, Ministry of Information and Broadcasting, Govt. of India,cc1971. axxvi, 480 p. ;c25 cm. aIncludes bibliographical references and indexes. 0aMahatma Gandhi,d1869-1948.1 aIndia.bMinistry of Information and Broadcasting.bPublications Division